Nicholls's Concise Guide to the Navigation Examinations. Vol. 2 / (Record no. 249)
[ view plain ]
| 000 -LEADER | |
|---|---|
| fixed length control field | 00668nam a2200193Ia 4500 |
| 008 - FIXED-LENGTH DATA ELEMENTS--GENERAL INFORMATION | |
| fixed length control field | 190805s9999||||xx |||||||||||||| ||und|| |
| 020 ## - INTERNATIONAL STANDARD BOOK NUMBER | |
| International Standard Book Number | 9780851747330 |
| Terms of availability | £ 60.00 |
| 082 04 - DEWEY DECIMAL CLASSIFICATION NUMBER | |
| Classification number | 623.89 |
| Item number | N5147 V.2 |
| 100 1# - MAIN ENTRY--PERSONAL NAME | |
| Personal name | Nicholls, A. E. |
| 245 10 - TITLE STATEMENT | |
| Title | Nicholls's Concise Guide to the Navigation Examinations. Vol. 2 / |
| 250 ## - EDITION STATEMENT | |
| Edition statement | 12th ed. |
| 260 ## - PUBLICATION, DISTRIBUTION, ETC. (IMPRINT) | |
| Place of publication, distribution, etc | Glasgow : |
| Name of publisher, distributor, etc | Brown, Son & Ferguson Ltd, |
| Date of publication, distribution, etc | 2006 |
| 300 ## - PHYSICAL DESCRIPTION | |
| Extent | xx, 492 p. |
| Other physical details | : ill., maps |
| Dimensions | ; 24 cm. |
| 650 #0 - SUBJECT ADDED ENTRY--TOPICAL TERM | |
| Topical term or geographic name as entry element | Navigation |
| General subdivision | Examinations, questions, etc. |
| 700 1# - ADDED ENTRY--PERSONAL NAME | |
| Personal name | Brown, H. H. |
| 700 1# - ADDED ENTRY--PERSONAL NAME | |
| Personal name | Coolen, Edward J. |
| 852 ## - LOCATION/CALL NUMBER | |
| Location | |
| 942 ## - ADDED ENTRY ELEMENTS (KOHA) | |
| Item type | Reference book |
| Withdrawn status | Lost status | Damaged status | Not for loan | Collection code | Permanent location | Current location | Shelving location | Date acquired | Source of acquisition | Cost, normal purchase price | Full call number | Barcode | Date last seen | Koha item type | Public note | Source of classification or shelving scheme |
|---|---|---|---|---|---|---|---|---|---|---|---|---|---|---|---|---|
| Nautical Science | IMU Kochi Library | IMU Kochi Library | Reference | 2017-07-26 | Sterling Book House | 5184.00 | 623.89 N5147 V.2 | BK004327 | 2019-08-05 | Reference book | Shelf-4, Row-5 | |||||
| Nautical Science | IMU Kochi Library | IMU Kochi Library | Reference | 2017-07-26 | Sterling Book House | 5184.00 | 623.89 N5147 V.2 | BK004328 | 2019-08-05 | Reference book | Shelf-4, Row-5 | |||||
| Nautical Science | IMU Kochi Library | IMU Kochi Library | Reference | 2017-07-26 | Sterling Book House | 5184.00 | 623.89 N5147 V.2 | BK004329 | 2020-08-04 | Reference book | Shelf-4, Row-5 | |||||
| Nautical Science | IMU Kochi Library | IMU Kochi Library | Reference | 2017-07-26 | Sterling Book House | 5184.00 | 623.89 N5147 V.2 | BK004326 | 2019-08-05 | Reference book | Shelf-4, Row-5 | |||||
| Nautical Science | IMU Kochi Library | IMU Kochi Library | Reference | 2013-02-28 | M/s Sterling Book House (Inv. No.2284 dt. 2013-02-19) | 6284.63 | 623.89 N5147 V.2 | BK000607 | 2020-01-09 | Reference book | Shelf-4, Row-5 |